| 000 | 01024cam a2200181ua 4500 | ||
|---|---|---|---|
| 003 | OSt | ||
| 008 | 220128b ||||| |||| 00| 0 eng d | ||
| 020 | _a0-07-100303-7 | ||
| 082 |
_a660.2969 _bSMI/IN |
||
| 100 |
_aSmith, J M . _95157 |
||
| 245 | _aIntroduction to chemical engineering thermodynamics / | ||
| 250 | _a4 / | ||
| 260 |
_aNew York : _bMcGraw Hill Book Company. |
||
| 300 | _a698 ; . | ||
| 505 | _a1 INTRODUCTION 2 THE FIRST LAW AND OTHER BASIC CONCEPTS 3 VOLUMETRIC PROPERTIES OF PURE FLUIDS 4 HEAT EFFECTS 5 THE SECOND LAW OF THERMODYNAMICS 6 THERMODYNAMIC PROPERTIES OF FLUIDS 7. APPLICATIONS OF THERMODYNAMICS TO FLOW PROCESSES 8 PRODUCTION OF POWER FROM HEAT 10 THE FRAMEWORK OF SOLUTION THERMODYNAMICS 348 11 MIXING PROCESSES 12 PHASE EQUILIBRIUM: INTRODUCTION 13 THERMODYNAMIC FORMULATIONS FOR VAPOR/LIQUID EQUILIBRIUM 14 CHEMICAL-REACTION EQUILIBRIA 15 TOPICS IN PHASE EQUILIBRIA 16 THERMODYNAMIC ANALYSIS OF PROCESSES | ||
| 700 | 1 |
_aNess, Van H C. _95158 |
|
| 942 | _cBK | ||
| 999 |
_c9663 _d9663 |
||